000 00703nam a22002537a 4500
003 UA-OsUOA
001 27575
007 ta
008 20040907b un ||||| |||| 00| 0 ukr d
100 _aБрюховецька Лариса
090 _a791.44.071.1
_bБ89
942 _cBK
040 _aUA-OsUOA
_bukr
_cUA-OsUOA
_dUA-OsUOA
245 _aЛеонід Осика
300 _a220 с.
_bІлюстрації
955 _a0
041 _aukr
080 _a791.44.071.1
020 _a966-518-026-6
260 _aКиїв
_bБібліотека журналу "Кіно-Театр", Видавничий дім "Академія"
_c1999
044 _aUA
650 7 _2UDC
999 _c313922
_d313922